The case law moves on apace (Record no. 70166)

MARC details
000 -LEADER
fixed length control field 01175cam a2200217 4500
001 - CONTROL NUMBER
control field ABS65361
008 - FIXED-LENGTH DATA ELEMENTS--GENERAL INFORMATION
fixed length control field 020507n2002 000 0 eng u
035 ## - SYSTEM CONTROL NUMBER
System control number (Sirsi) u117839
100 ## - MAIN ENTRY--PERSONAL NAME
Personal name Atkinson, D
245 #4 - TITLE STATEMENT
Title The case law moves on apace
260 ## - PUBLICATION, DISTRIBUTION, ETC.
Date of publication, distribution, etc. 2002
490 ## - SERIES STATEMENT
Series statement Construction News
Volume/sequential designation (6761) 11 April 2002, 26(1)
520 ## - SUMMARY, ETC.
Summary, etc. Examines recent case of "Total M&E Services v ABB Building Technologies" which dealt with issues of costs and set-off. Ruled that costs of adjudication cannot be recovered as damages for breach of contract in subsequent court proceedings. Issue of set-off costs was unclear, as although adjudicators decision to reject defendants application for set-off was upheld, claimant was ordered to pay into court set-off amount pending resolution.
590 ## - LOCAL NOTE (RLIN)
Local note ABS
650 ## - SUBJECT ADDED ENTRY--TOPICAL TERM
Topical term or geographic name entry element MANAGEMENT-DISPUTE AVOIDANCE, MANAGEMENT AND RESOLUTION-DISPUTE MANAGEMENT AND RESOLUTION-ALTERNATIVE DISPUTE RESOLUTION-ADJUDICATION
650 ## - SUBJECT ADDED ENTRY--TOPICAL TERM
Topical term or geographic name entry element TOTAL M&E SERVICES V ABB BUILDING TECHNOLOGIES
650 ## - SUBJECT ADDED ENTRY--TOPICAL TERM
Topical term or geographic name entry element COSTS
650 ## - SUBJECT ADDED ENTRY--TOPICAL TERM
Topical term or geographic name entry element SET-OFF
690 ## - LOCAL SUBJECT ADDED ENTRY--TOPICAL TERM (OCLC, RLIN)
Topical term or geographic name as entry element MANGEMENT-DISPUTE AVOIDANCE, MANAGEMENT AND RESOLUTION-DISPUTE MANAGEMENT AND RESOLUTION
942 ## - ADDED ENTRY ELEMENTS (KOHA)
Suppress in OPAC 0
Holdings
Withdrawn status Lost status Source of classification or shelving scheme Damaged status Not for loan Home library Current library Shelving location Date acquired Total Checkouts Full call number Barcode Date last seen Copy number Price effective from Koha item type
    Dewey Decimal Classification     London London Journal article 07/05/2002   ABS65361 117839-1001 06/08/2019 1 06/08/2019 Journal article